The Scheme for Construction Contracts (Scotland) Amendment Regulations 2011 (Record no. 112965)

MARC details
000 -LEADER
fixed length control field 01201cad a22002415a 4500
001 - CONTROL NUMBER
control field E154386
008 - FIXED-LENGTH DATA ELEMENTS--GENERAL INFORMATION
fixed length control field 111122s2011 xxk f l 000 0 eng d
035 ## - SYSTEM CONTROL NUMBER
System control number (Sirsi) u154386
041 0# - LANGUAGE CODE
Language code of text/sound track or separate title eng
110 2# - MAIN ENTRY--CORPORATE NAME
Corporate name or jurisdiction name as entry element Scotland
Form subheading Laws, etc
245 04 - TITLE STATEMENT
Title The Scheme for Construction Contracts (Scotland) Amendment Regulations 2011
Medium [electronic resource]
260 ## - PUBLICATION, DISTRIBUTION, ETC.
Place of publication, distribution, etc. Edinburgh
Name of publisher, distributor, etc. Scottish Government
Date of publication, distribution, etc. 2011
490 #0 - SERIES STATEMENT
Series statement SSI
Volume/sequential designation 2011: 371
520 ## - SUMMARY, ETC.
Summary, etc. These Regulations amend the Scheme for Construction Contracts (Scotland) Regulations 1998, partly as a result of amendments made to the Housing Grants, Construction and Regeneration Act 1996 by the Local Democracy, Economic Development and Construction Act 2009. Comes into force 1 November 2011.
590 ## - LOCAL NOTE (RLIN)
Local note KA
650 24 - SUBJECT ADDED ENTRY--TOPICAL TERM
Topical term or geographic name entry element SCHEME FOR CONSTRUCTION CONTRACTS (SCOTLAND) AMENDMENT REGULATIONS 2011
650 24 - SUBJECT ADDED ENTRY--TOPICAL TERM
Topical term or geographic name entry element HOUSING GRANTS, CONSTRUCTION AND REGENERATION ACT 1996
650 24 - SUBJECT ADDED ENTRY--TOPICAL TERM
Topical term or geographic name entry element LOCAL DEMOCRACY, ECONOMIC DEVELOPMENT AND CONSTRUCTION ACT 2009
651 #4 - SUBJECT ADDED ENTRY--GEOGRAPHIC NAME
Geographic name Scotland
Chronological subdivision 1999-
690 ## - LOCAL SUBJECT ADDED ENTRY--TOPICAL TERM (OCLC, RLIN)
Topical term or geographic name as entry element Procurement
9 (RLIN) 6260
856 40 - ELECTRONIC LOCATION AND ACCESS
Uniform Resource Identifier <a href="https://www.legislation.gov.uk/ssi/2011/371/contents/made">https://www.legislation.gov.uk/ssi/2011/371/contents/made</a>
Public note View the SSI free of charge at www.legislation.gov.uk
942 ## - ADDED ENTRY ELEMENTS (KOHA)
Suppress in OPAC 0
Holdings
Withdrawn status Lost status Source of classification or shelving scheme Damaged status Not for loan Home library Current library Shelving location Date acquired Total Checkouts Full call number Barcode Date last seen Copy number Price effective from Koha item type
    Dewey Decimal Classification     Virtual Virtual Online 22/11/2011   ONLINE PUBLICATION 154386-1001 06/08/2019 1 06/08/2019 Book